000 01305nam a22002537a 4500
005 20211112084317.0
008 130821s2005 xxu gr eng
020 _a0815790767
020 _a9780815790761
040 _aCo-BoUCM
_bspa
_cLuz Cupitra (modificó)
_dLuz Cupitra (modificó)
041 0 0 _aeng
100 1 _aVogel, David
_d1947-
_975168
245 1 4 _aThe market for virtue the potential and limits of corporate social responsibility
_cDavid Vogel.
260 _aWashington D.C. (Estados Unidos)
_bBrookings Institution Press
_cc2005
300 _axii, 222 páginas
505 0 _aThe revival of corporate social responsibility -- Is there a business case for virtue? -- What is the demand for virtue? -- Corporate responsibility for working conditions in developing countries -- Corporate responsibility for the environment -- Corporate responsibility for human rights and global corporate citizenship -- Beyond the market for virtue.
650 0 4 _aAdministración de empresas
_9435
650 0 4 _aAdministración
_vAspectos sociales
_97252
650 0 4 _aÉtica de los negocios
_915233
650 0 4 _aVirtud
_926308
856 4 1 _3Contenido
_uhttp://www.loc.gov/catdir/toc/ecip0513/2005015005.html
942 _cLIBRO
_a16
_e1
_mV878m
_2DEWEY
_h658.408
999 _c92539
_d92539